00469nam a2200181 a 4500001001300000003000900013005001700022008004100039020001000080082001600090245001600106260004400122300000700166500003500173505002800208650002400236710002700260nice12345678IN_TiNIC20260116012956.0050524s0000 newa grp 000 0 urd  ac10000a241.53bBIB aPahadi Waaz aNew DelhibBible Society of Indiac0000 a6p aincludes index and biblioraphy2 aRef, Bibliography, Err. aSermon on the Mount2 aBible Society of India